| 000 | 00490nam a2200181Ia 4500 | ||
|---|---|---|---|
| 001 | 41612 | ||
| 008 | 140424s9999 xx 000 0 und d | ||
| 020 | _a9789694171357 | ||
| 040 | _cPK-LaUMT | ||
| 082 |
_a 305.90826 _bNAS-M |
||
| 100 | _aNasir Sulman | ||
| 245 |
_aMentally retardation (zahni pasmandgi) (Urdu) _cNasir Sulman |
||
| 260 |
_aIslamabad,Pakistan: _bHigher Education Commission, _c2008 |
||
| 300 | _a218 p. | ||
| 546 | _aEN | ||
| 650 | _aMentally retardation | ||
| 942 | _cBK | ||
| 999 |
_c40306 _d40306 |
||